|
|
|
|
| LEADER |
01209nam a2200277 i 4500 |
| 001 |
1996 |
| 003 |
BD-DhAAL |
| 005 |
20151119102245.0 |
| 008 |
151119s1997 bg b 001 0 beno |
| 010 |
|
|
|a 2011322209
|
| 020 |
|
|
|a 984465128X
|
| 040 |
|
|
|a DLC
|b eng
|e rda
|c DLC
|d DLC
|d BD-DhAAL
|
| 050 |
0 |
0 |
|a DS395.5
|b .R32276 1997
|
| 082 |
|
|
|a 954.92
|
| 100 |
1 |
|
|a রহমান, আতিউর
|d 1951-
|e author.
|9 16353
|
| 245 |
1 |
0 |
|a মুক্তিযুদ্ধের মানুষ মুক্তিযুদ্ধের স্বপ্ন /
|c আতিউর রহমান.
|
| 260 |
|
|
|a ঢাকা :
|b সাহিত্য প্রকাশ,
|c ১৯৯৭.
|
| 300 |
|
|
|a ১৭২ পৃ. ;
|c ২২ সে.মি.
|
| 504 |
|
|
|a Includes bibliographical references and index.
|
| 520 |
|
|
|a Articles chiefly on the 1971 liberation movement of Bangladesh.
|
| 541 |
|
|
|e 1996
|
| 546 |
|
|
|a In Bengali; includes passages in English.
|
| 651 |
|
0 |
|a Bangladesh
|x History
|y Revolution, 1971.
|9 16354
|
| 942 |
|
|
|2 ddc
|c BK
|
| 999 |
|
|
|c 36231
|d 36231
|
| 952 |
|
|
|0 0
|1 0
|2 ddc
|4 0
|6 954_920000000000000_RAH
|7 0
|9 56972
|a SCL
|b SCL
|c GEN
|d 2015-11-19
|g 120.00
|l 1
|o 954.92 RAH
|p 3020001996
|r 2022-12-20
|s 2022-12-18
|t 1
|w 2015-11-19
|y BK
|